Statistics for Help Russia Find the Unfriendly Countries!

Click here to take the quiz!

General Stats

  • This quiz has been taken 290 times
  • The average score is 4 of 8

Answers on the Map

Answers color-coded by a green-red scale on the quiz's map according to % correct below.
 

Answer Stats

Country% Correct
United States
96%
Canada
94%
United Kingdom
84%
Japan
79%
Australia
73%
Ukraine
70%
European Union
43%
Norway
43%
South Korea
37%
Taiwan
36%
Iceland
32%
New Zealand
30%
North Macedonia
30%
Montenegro
29%
Albania
27%
Monaco
23%
Andorra
21%
Switzerland
21%
Liechtenstein
20%
Singapore
15%
San Marino
11%

Score Distribution

Percentile by Number Answered

Percent of People with Each Score

Your Score History

You have not taken this quiz